[Event "Svetla nad Sazavou Mares Memorial"]
[Site "Svetla nad Sazavou"]
[Date "2023.12.29"]
[Round "1"]
[White "Hosticka, Frantisek"]
[Black "Kovacs, Ivan"]
[Result "1-0"]
[WhiteElo "2032"]
[BlackElo "1506"]
[PlyCount "101"]
[EventDate "2023.12.29"]
[EventType "swiss"]
[EventRounds "9"]
[EventCountry "CZE"]
[SourceTitle "CB02_2024"]
[SourceDate "2024.01.10"]
[SourceVersion "1"]
[SourceVersionDate "2024.01.10"]
[SourceQuality "1"]

1. e4 e5 2. Bb5 a6 3. Ba4 b5 4. Bb3 Bb7 5. d3 Bb4+ 6. c3 Be7 7. Qh5 d5 8. Qxe5 Nf6 9. exd5 0-0 10. Nf3 Bc5 11. 0-0 Re8 12. Qg5 h6 13. Qh4 Bxd5 14. Bxd5 Qxd5 15. d4 Be7 16. Nbd2 Nbd7 17. a4 Nh7 18. Qe4 Qxe4 19. Nxe4 Nhf6 20. Nxf6+ Nxf6 21. Bf4 c5 22. h3 cxd4 23. Nxd4 Bc5 24. Nf5 Nd5 25. Bg3 h5 26. Rfd1 Nf6 27. b4 Bb6 28. Nd6 Red8 29. axb5 axb5 30. Nxb5 Rxa1 31. Rxa1 Rd3 32. Be5 Ne4 33. Bd4 Bxd4 34. cxd4 Rd2 35. f3 Ng3 36. h4 Ne2+ 37. Kh2 Nxd4 38. Nxd4 Rxd4 39. Rb1 Rd8 40. Kg3 g6 41. Kf4 Kg7 42. b5 Kf6 43. b6 Rb8 44. b7 Ke6 45. Kg5 Kd7 46. Kf6 Ke8 47. g4 Kf8 48. gxh5 gxh5 49. Rb5 Kg8 50. f4 Kf8 51. Rxh5 1-0

[Event "Trebic Highlands op 11th"]
[Site "Trebic"]
[Date "2017.09.28"]
[Round "7"]
[White "Kovacs, Ivan"]
[Black "Palla, Ivan"]
[Result "0-1"]
[WhiteElo "1552"]
[BlackElo "1550"]
[PlyCount "84"]
[EventDate "2017.09.23"]
[EventType "swiss"]
[EventRounds "9"]
[EventCountry "CZE"]
[SourceTitle "EXT 2018"]
[Source "ChessBase"]
[SourceDate "2017.10.13"]
[SourceVersion "1"]
[SourceVersionDate "2017.10.13"]
[SourceQuality "1"]

1. d4 f5 2. e3 Nf6 3. c4 e6 4. Nf3 Be7 5. Bd3 b6 6. 0-0 Bb7 7. b3 0-0 8. Bb2 Nc6 9. a4 Nb4 10. Ba3 Nxd3 11. Qxd3 Be4 12. Bxe7 Bxd3 13. Bxd8 Bxf1 14. Bxf6 Bxg2 15. Bxg7 Bxf3 16. Bxf8 Kxf8 17. Nc3 a6 18. h4 Ke7 19. Kh2 Rg8 20. Rg1 Rxg1 21. Kxg1 a5 22. Kh2 h5 23. Kg3 Bb7 24. Kf4 Kf6 25. f3 d5 26. Nb5 c6 27. Nd6 Ba6 28. cxd5 cxd5 29. Ne8+ Kf7 30. Nc7 Be2 31. Ke5 Bd1 32. Nxe6 Bxb3 33. Kxf5 Bxa4 34. Nf4 Bd1 35. Nxd5 b5 36. Nc3 Bc2+ 37. e4 b4 38. Kg5 bxc3 39. d5 Ba4 40. e5 c2 41. e6+ Ke7 42. Kxh5 c1Q 0-1